000 00776nam a22002655i 4500
001 19420
003 ES-MaACL
005 20230906152106.0
007 t|
008 020715s1994 sp ||||0| spa j
020 _a84-7423-603-7
040 _aM-BN
_bspa
_cM-BN
080 _a574
100 1 _aWilson, Edward Osborne.
_9117025
245 1 3 _aLa diversidad de la vida /
_cEdward O. Wilson ; traducción castellana de Joandomènec Ros.
260 _aBarcelona :
_bCrítica,
_cD.L. 1994.
300 _a410 p :
_bil. col. y n ;
_c24 cm.
490 1 _aDrakontos
650 _aBiodiversidad.
_910565
700 1 _aRos, Joandomènec.
_999576
830 0 _aDrakontos
_9179166
852 _aES-MaACL
_jL-25858
_bR.131144
999 _c19420
_d19420